[Event "European Rapid 2016"]
[Site "Tallinn EST"]
[Date "2016.12.16"]
[Round "8.21"]
[White "Girya, Olga"]
[Black "Navara, David"]
[Result "0-1"]
[WhiteTitle "WGM"]
[BlackTitle "GM"]
[WhiteElo "2450"]
[BlackElo "2725"]
[WhiteFideId "4195752"]
[BlackFideId "309095"]
[EventDate "2016.12.15"]

1. d4 Nf6 2. c4 e6 3. Nf3 b6 4. g3 Ba6 5. b3 d5 6. Bg2 Bb4+ 7. Bd2 Be7 8. cxd5
exd5 9. O-O O-O 10. Nc3 Re8 11. Bc1 Bb4 12. Qc2 Bxc3 13. Qxc3 Bxe2 14. Re1 Bxf3
15. Rxe8+ Qxe8 16. Bxf3 Qc6 17. Qd3 Nbd7 18. Bf4 Qb7 19. Re1 Nf8 20. Bg5 Ne4 21.
Bxe4 dxe4 22. Rxe4 Ne6 23. Be3 Rd8 24. Re5 Qf3 25. d5 g6 26. Qc4 c5 27. Bf4 h5
28. h4 Nc7 29. Re1 Nxd5 30. Bg5 Rd6 31. Qb5 Nf6 32. Bxf6 Rxf6 33. Qe8+ Kg7 34.
Re2 Rd6 35. Qe5+ Qf6 36. Qxf6+ Kxf6 37. Kg2 b5 38. Kf3 Rd3+ 39. Ke4 Rd4+ 40. Ke3
Ke5 41. Kf3+ Kd6 42. Ke3 a5 43. Kf3 a4 44. bxa4 Rxa4 45. Ke3 Kd5 46. Rb2 Re4+
47. Kd2 Rd4+ 48. Ke3 b4 49. Rb3 Kc4 50. Rb1 Rd3+ 51. Ke2 Kd4 52. Rb2 f6 53. Rc2
c4 54. Rc1 c3 55. Rb1 Rd2+ 56. Kf3 c2 0-1

[Event "European Rapid 2016"]
[Site "Tallinn EST"]
[Date "2016.12.16"]
[Round "8.23"]
[White "Vallejo Pons, Francisco"]
[Black "Mustaps, Matiss"]
[Result "1-0"]
[WhiteTitle "GM"]
[BlackTitle "FM"]
[WhiteElo "2711"]
[BlackElo "2302"]
[WhiteFideId "2205530"]
[BlackFideId "11602295"]
[EventDate "2016.12.15"]

1. d4 Nf6 2. c4 g6 3. Nc3 Bg7 4. e4 O-O 5. Bg5 d6 6. Qd2 c5 7. d5 a6 8. f3 e6 9.
O-O-O b5 10. dxe6 b4 11. Nd5 fxe6 12. e5 exd5 13. exf6 Bxf6 14. Qxd5+ Rf7 15.
Bxf6 Qxf6 16. Qxa8 Rb7 17. Nh3 b3 18. a3 Qd8 19. Bd3 Nd7 20. Be4 Nb6 21. Qxa6
Rf7 22. Qa5 1-0

[Event "European Rapid 2016"]
[Site "Tallinn EST"]
[Date "2016.12.16"]
[Round "8.24"]
[White "Kashtanov, Ruslan"]
[Black "Bortnyk, Olexandr"]
[Result "0-1"]
[WhiteTitle "IM"]
[BlackTitle "GM"]
[WhiteElo "2377"]
[BlackElo "2581"]
[WhiteFideId "4124871"]
[BlackFideId "14120828"]
[EventDate "2016.12.15"]

1. Nf3 Nf6 2. c4 b6 3. g3 Bb7 4. Bg2 g6 5. O-O Bg7 6. Nc3 O-O 7. d3 d5 8. Bf4 c5
9. Nd2 Qd7 10. Be5 d4 11. Bxb7 Qxb7 12. Bxf6 Bxf6 13. Nd5 Bg7 14. Rb1 Nc6 15. e3
e6 16. Nf4 dxe3 17. fxe3 Rad8 18. Qe2 Nb4 19. Ne4 Nxd3 20. Nxd3 Qxe4 21. Nf2 Qc6
22. b3 f5 23. Rfd1 Bf6 24. Rxd8 Rxd8 25. Rd1 Rd7 26. Rd3 Kf7 27. a4 Ke7 28. h3
Rxd3 29. Nxd3 Qe4 30. h4 Bc3 31. Kf2 e5 32. h5 gxh5 33. Kg1 Qg4 34. Qf2 h4 35.
Kh2 hxg3+ 36. Qxg3 Qxg3+ 37. Kxg3 Kf6 38. a5 Bxa5 0-1

[Event "European Rapid 2016"]
[Site "Tallinn EST"]
[Date "2016.12.16"]
[Round "8.25"]
[White "Zvjaginsev, Vadim"]
[Black "Shkapenko, Pavel"]
[Result "1/2-1/2"]
[WhiteTitle "GM"]
[BlackTitle "IM"]
[WhiteElo "2679"]
[BlackElo "2425"]
[WhiteFideId "4113403"]
[BlackFideId "4151933"]
[EventDate "2016.12.15"]

1. e4 e5 2. Nf3 Nc6 3. g3 Nf6 4. d3 d5 5. exd5 Nxd5 6. Bg2 Be7 7. O-O O-O 8. Re1
Bf6 9. Nbd2 g6 10. c3 Nb6 11. Qc2 Bg7 12. b4 a6 13. Bb2 Re8 14. a4 Bf5 15. Ne4
Qc8 16. b5 axb5 17. axb5 Nd8 18. c4 Rxa1 19. Rxa1 Bxe4 20. dxe4 Nd7 21. Bh3 Ne6
22. Rd1 c6 23. Bxe6 Rxe6 24. Qd3 Nc5 25. Qe3 Na4 26. Ba1 Re8 27. b6 c5 28. Rb1
Qc6 29. Rb5 Nxb6 30. Rxc5 Qa4 31. Bxe5 Bxe5 1/2-1/2

[Event "European Rapid 2016"]
[Site "Tallinn EST"]
[Date "2016.12.16"]
[Round "8.26"]
[White "Djuric, Stefan"]
[Black "Pavlidis, Antonios"]
[Result "1-0"]
[WhiteTitle "GM"]
[BlackTitle "GM"]
[WhiteElo "2429"]
[BlackElo "2532"]
[WhiteFideId "900133"]
[BlackFideId "4212312"]
[EventDate "2016.12.15"]

1. e4 c5 2. Nf3 Nc6 3. g3 g6 4. Bg2 Bg7 5. O-O d6 6. c3 e5 7. Na3 Nge7 8. Nc2 f5
9. exf5 Bxf5 10. d4 exd4 11. cxd4 O-O 12. d5 Ne5 13. Ng5 Bg4 14. f3 Bd7 15. Ne3
Qc8 16. Kh1 h6 17. Ne4 Qc7 18. f4 Nf7 19. g4 Rae8 20. Qc2 Bd4 21. Rd1 Qc8 22. h3
Kh7 23. Rb1 Ng8 24. b4 b6 25. bxc5 dxc5 26. f5 gxf5 27. Nxf5 Bxf5 28. gxf5 Ne5
29. Nd6 Qd7 30. Nxe8 Rxe8 31. Bb2 Bxb2 32. Rxb2 Nf6 33. d6 c4 34. Qc3 Qxf5 35.
Re2 Nd3 36. Rf1 Qg5 37. Rxe8 Nxe8 38. Qxc4 1-0

[Event "European Rapid 2016"]
[Site "Tallinn EST"]
[Date "2016.12.16"]
[Round "8.27"]
[White "Novikov, Stanislav"]
[Black "Ahvenjarvi, Jani"]
[Result "1-0"]
[WhiteTitle "GM"]
[BlackTitle "FM"]
[WhiteElo "2513"]
[BlackElo "2317"]
[WhiteFideId "4125371"]
[BlackFideId "507571"]
[EventDate "2016.12.15"]

1. c4 c5 2. Nc3 Nc6 3. g3 g6 4. Bg2 Bg7 5. Nf3 a6 6. O-O Rb8 7. e3 b5 8. cxb5
axb5 9. d4 cxd4 10. exd4 b4 11. Ne4 d5 12. Nc5 e6 13. Bg5 Nge7 14. Rc1 Qb6 15.
Qd2 O-O 16. Bh6 Qa7 17. Rfe1 Bd7 18. h4 Rfc8 19. Bxg7 Kxg7 20. h5 Nf5 21. g4 Nh6
22. Qf4 Be8 23. Rxe6 Nxg4 24. Rd6 Nh6 25. hxg6 hxg6 26. Bh3 Rd8 27. Qf6+ Kg8 28.
Rxd8 Nxd8 29. Re1 Nc6 30. Ng5 Ra8 31. Nce6 fxe6 32. Bxe6+ 1-0

[Event "European Rapid 2016"]
[Site "Tallinn EST"]
[Date "2016.12.16"]
[Round "8.29"]
[White "Munoz, Miguel"]
[Black "Krutti, Valer"]
[Result "1-0"]
[WhiteTitle "GM"]
[BlackTitle "IM"]
[WhiteElo "2473"]
[BlackElo "2361"]
[WhiteFideId "3800229"]
[BlackFideId "706248"]
[EventDate "2016.12.15"]

1. e4 c6 2. Nc3 d5 3. Nf3 a6 4. d4 Bg4 5. Be2 e6 6. O-O Nf6 7. e5 Nfd7 8. Ne1
Bxe2 9. Nxe2 c5 10. c3 Nc6 11. Nd3 Rc8 12. Be3 cxd4 13. cxd4 Be7 14. f4 g6 15.
g4 Qb6 16. Qd2 Nb4 17. Ne1 Qa5 18. f5 Nb6 19. b3 Nc6 20. Qd1 O-O 21. f6 Ba3 22.
Nd3 Nd7 23. Rf3 Rc7 24. Qf1 Rfc8 25. Qh3 Bf8 26. Qh4 Nb4 27. Rh3 h5 28. gxh5 g5
29. Qxg5+ Kh7 30. Rg3 1-0

[Event "European Rapid 2016"]
[Site "Tallinn EST"]
[Date "2016.12.16"]
[Round "8.30"]
[White "Paehtz, Thomas"]
[Black "Tregubov, Pavel V."]
[Result "0-1"]
[WhiteTitle "GM"]
[BlackTitle "GM"]
[WhiteElo "2365"]
[BlackElo "2585"]
[WhiteFideId "4611349"]
[BlackFideId "4115341"]
[EventDate "2016.12.15"]

1. e4 c5 2. Nf3 e6 3. d4 cxd4 4. Nxd4 Nc6 5. Nc3 Nf6 6. Ndb5 d6 7. Bf4 e5 8. Bg5
a6 9. Na3 b5 10. Nd5 Be7 11. Bxf6 Bxf6 12. c4 b4 13. Nc2 O-O 14. g3 Bg5 15. Bg2
Qa5 16. O-O Qc5 17. Nce3 Bxe3 18. Nxe3 Be6 19. Qd3 Rfd8 20. Rac1 a5 21. Kh1 a4
22. Nd5 Ra7 23. h4 Nd4 24. Kh2 b3 25. a3 Bxd5 26. cxd5 Nc2 27. Bf3 Rc7 28. Kg2
Qa7 29. Bg4 Rc5 30. h5 Ra8 31. h6 g6 32. Qd2 Qe7 33. Rh1 Ra7 34. Rhf1 Rac7 35.
Rh1 Rc4 36. Bf3 R7c5 37. Rhf1 Qf6 38. Rb1 Nd4 39. Bd1 Qe7 40. Rh1 Qf8 41. Qg5 f6
42. Qe3 f5 43. Qg5 fxe4 44. Bg4 Rc2 45. Rhf1 Rxd5 46. Kh3 Rdc5 47. Kg2 Rc7 48.
Rbd1 Qe7 49. Rxd4 Qxg5 0-1

[Event "European Rapid 2016"]
[Site "Tallinn EST"]
[Date "2016.12.16"]
[Round "8.31"]
[White "Cvitan, Ognjen"]
[Black "Tomazini, Zan"]
[Result "1-0"]
[WhiteTitle "GM"]
[BlackTitle "IM"]
[WhiteElo "2491"]
[BlackElo "2414"]
[WhiteFideId "14500086"]
[BlackFideId "14608162"]
[EventDate "2016.12.15"]

1. d4 Nf6 2. c4 Nc6 3. Nf3 e6 4. a3 d6 5. Nc3 g6 6. e4 Bg7 7. Be2 O-O 8. O-O Re8
9. h3 e5 10. dxe5 dxe5 11. Be3 Qe7 12. Re1 Be6 13. Nd5 Bxd5 14. exd5 Nb8 15. c5
e4 16. Nh2 Qe5 17. Bc4 Nbd7 18. f4 exf3 19. Nxf3 Qg3 20. d6 Nh5 21. Bxf7+ Kxf7
22. Qd5+ Kf8 23. Ng5 Qxg5 24. Bxg5 1-0

[Event "European Rapid 2016"]
[Site "Tallinn EST"]
[Date "2016.12.16"]
[Round "8.32"]
[White "Ruck, Robert"]
[Black "Rozhko, Dmitry"]
[Result "1-0"]
[WhiteTitle "GM"]
[BlackTitle "FM"]
[WhiteElo "2561"]
[BlackElo "2324"]
[WhiteFideId "705713"]
[BlackFideId "4150430"]
[EventDate "2016.12.15"]

1. Nf3 d5 2. d4 Bf5 3. c4 e6 4. Nc3 Bb4 5. Bg5 Ne7 6. e3 O-O 7. Be2 Nbc6 8. O-O
Qd7 9. Na4 dxc4 10. Bxc4 Ng6 11. Rc1 h6 12. Bh4 Nxh4 13. Nxh4 Be4 14. Be2 Rad8
15. a3 Bd6 16. Nc3 Bh7 17. Bb5 a6 18. Ba4 b5 19. Bc2 Bxc2 20. Qxc2 Ne7 21. Ne4
c6 22. Nf3 a5 23. Rfd1 Bb8 24. a4 Qd5 25. Ra1 b4 26. Rac1 Qh5 27. Ng3 Qd5 28.
Qe2 Qb3 29. Qc4 Qxb2 30. Rd2 Qa3 31. Ra2 Bd6 32. Rxa3 bxa3 33. Ne4 Bb4 34. Ne5
Rc8 35. Nc5 Nd5 36. g3 Nb6 37. Qa2 Rfd8 38. Ncd3 Rd6 39. Qb3 Nd5 40. Nc4 Rdd8
41. Nxa3 Rb8 42. Nxb4 Rxb4 43. Qc2 Rdb8 44. Nc4 1-0

[Event "European Rapid 2016"]
[Site "Tallinn EST"]
[Date "2016.12.16"]
[Round "8.33"]
[White "Maier, Christian"]
[Black "Agrest, Evgenij"]
[Result "0-1"]
[WhiteTitle "IM"]
[BlackTitle "GM"]
[WhiteElo "2390"]
[BlackElo "2593"]
[WhiteFideId "4601955"]
[BlackFideId "1705024"]
[EventDate "2016.12.15"]

1. e4 c6 2. d4 d5 3. Nc3 dxe4 4. Nxe4 Bf5 5. Ng3 Bg6 6. Nf3 Nd7 7. Bc4 e6 8. Qe2
Ngf6 9. O-O Be7 10. Ne5 Nb6 11. Bb3 a5 12. a4 O-O 13. h4 Nfd5 14. h5 Bf5 15.
Nxf5 exf5 16. Qf3 g6 17. Bh6 Re8 18. Rad1 Bg5 19. hxg6 hxg6 20. Bxg5 Qxg5 21. g3
Kg7 22. Kg2 Rh8 23. Rh1 Rad8 24. c3 Rxh1 25. Rxh1 Qd2 26. Nd3 Re8 27. Rd1 Qg5
28. c4 Nf6 29. Nf4 Ng4 30. c5 Nd7 31. d5 Nde5 32. Qc3 Rh8 33. Nh3 Rxh3 0-1

[Event "European Rapid 2016"]
[Site "Tallinn EST"]
[Date "2016.12.16"]
[Round "8.34"]
[White "Shishkov, Andrei"]
[Black "Kantans, Toms"]
[Result "0-1"]
[WhiteTitle "FM"]
[BlackTitle "IM"]
[WhiteElo "2385"]
[BlackElo "2454"]
[WhiteFideId "4500563"]
[BlackFideId "11602945"]
[EventDate "2016.12.15"]

1. d4 Nf6 2. c4 c5 3. d5 e6 4. Nc3 exd5 5. cxd5 d6 6. e4 g6 7. h3 Bg7 8. Nf3 O-O
9. Bd3 Bd7 10. Bf4 Qc7 11. O-O c4 12. Bc2 Na6 13. Re1 Rfe8 14. Bh2 Qb6 15. Rb1
Nb4 16. b3 Nxc2 17. Qxc2 Rac8 18. bxc4 Qa6 19. Nd2 b5 20. cxb5 Qa5 21. Rb3 Nxd5
22. Bxd6 Nxc3 23. Qd3 Bxb5 24. Qf3 Qxa2 0-1

[Event "European Rapid 2016"]
[Site "Tallinn EST"]
[Date "2016.12.16"]
[Round "8.35"]
[White "Jovanovic, Zoran"]
[Black "Kazakovskiy, Valeriy"]
[Result "0-1"]
[WhiteTitle "GM"]
[BlackTitle "IM"]
[WhiteElo "2534"]
[BlackElo "2430"]
[WhiteFideId "14505320"]
[BlackFideId "13507443"]
[EventDate "2016.12.15"]

1. e4 c5 2. Nc3 a6 3. g3 b5 4. Bg2 Bb7 5. Nge2 g6 6. d4 cxd4 7. Nxd4 Bg7 8. O-O
Nc6 9. Be3 e6 10. Nxc6 Bxc6 11. Bd4 Bxd4 12. Qxd4 Qf6 13. e5 Qd8 14. Bxc6 dxc6
15. Qc5 Qc7 16. Ne4 Ne7 17. Nf6+ Kf8 18. Rfd1 Rd8 19. Rd6 Kg7 20. Rad1 Nf5 21.
Rd7 Rxd7 22. Rxd7 Qa5 23. Kg2 Qe1 24. Qc3 Qe2 25. Rd2 Qe1 26. Rd3 Qe2 27. Qxc6
Qxe5 28. Ng4 Qxb2 29. Rd7 Re8 30. Qc7 Rf8 31. Ne5 Nh6 32. Qd6 Qxa2 33. Qd4 Kg8
34. g4 Qa4 35. Qxa4 bxa4 36. g5 Nf5 37. Ra7 Rc8 38. Rxa6 Rxc2 39. Ra8+ Kg7 40.
Ra7 Nd6 41. Rxa4 Re2 42. Ng4 Re4 43. Rxe4 Nxe4 44. h4 Nd6 45. Kh3 Nf5 46. Ne5 h6
47. Nd7 Nd6 48. f4 h5 49. Kg2 Nf5 50. Kh3 Kg8 51. Nf6+ Kf8 52. Nd7+ Ke7 53. Ne5
Ke8 54. Nc6 Ne7 55. Ne5 Nd5 56. Kg3 Ne3 57. Nc6 Kd7 58. Ne5+ Ke7 59. Nc6+ Kd6
60. Ne5 Ke7 61. Nc6+ Kf8 62. Ne5 Nf5+ 63. Kh3 Nd6 64. Kg3 Kg7 65. Nd7 Ne8 66.
Kf3 f6 67. gxf6+ Kf7 68. Kf2 Nd6 69. Kg3 Ne4+ 70. Kf3 Nxf6 71. Ne5+ Kg7 72. Nc4
Nd5 73. Nd6 Ne7 74. Ke4 Nf5 75. Nc4 Nxh4 76. Ke5 Ng2 77. Nd2 h4 78. Nf3 h3 79.
Nh2 Kh6 80. Ke4 Kh5 81. Kf3 Kh4 82. Nf1 Ne1+ 83. Ke2 Nc2 84. Kf3 Nd4+ 85. Ke4
Nc6 86. Kf3 e5 87. fxe5 Nxe5+ 88. Kf4 Nd3+ 89. Ke3 Ne5 90. Kf4 Nf7 91. Kf3 g5
92. Ke4 g4 93. Kf4 Nh8 94. Nh2 Ng6+ 95. Kf5 g3 96. Nf3+ Kh5 0-1

[Event "European Rapid 2016"]
[Site "Tallinn EST"]
[Date "2016.12.16"]
[Round "8.36"]
[White "Dzhumagaliev, Yan"]
[Black "Vlassow, Valentin"]
[Result "1-0"]
[WhiteTitle "FM"]
[BlackTitle "FM"]
[WhiteElo "2400"]
[BlackElo "2248"]
[WhiteFideId "24100110"]
[BlackFideId "4164008"]
[EventDate "2016.12.15"]

1. d4 d5 2. Nf3 Bf5 3. c4 e6 4. Nc3 Nf6 5. Nh4 Be4 6. f3 c5 7. fxe4 cxd4 8. Qxd4
Nc6 9. Qd1 d4 10. Nb1 Nxe4 11. Nf3 e5 12. a3 a5 13. e3 Bc5 14. Bd3 Nd6 15. e4 f5
16. Nbd2 O-O 17. O-O f4 18. Nb3 b6 19. Nxc5 bxc5 20. Rb1 g5 21. Nd2 Ra7 22. Nb3
Qb6 23. Bd2 Rg7 24. Nc1 Rf6 25. b4 axb4 26. axb4 cxb4 27. Na2 g4 28. Nxb4 Nxb4
29. Rxb4 Qc6 30. Qa4 Qc7 31. Qa8+ Rf8 32. Qd5+ Nf7 33. Rb7 Qc8 34. Qd7 Qa8 35.
Ra7 Qc8 36. Rb1 g3 37. h3 Qxd7 38. Rxd7 Ng5 39. Rxg7+ Kxg7 40. c5 Rc8 41. Rc1
Rc6 42. h4 Ne6 43. Bb4 f3 44. Bb5 Rc7 45. c6 f2+ 46. Kf1 Kf6 47. Bd6 Ra7 48. c7
Nxc7 49. Bxc7 Rb7 50. Be2 Rb3 51. Rd1 Re3 52. Bd3 Kg6 53. Bxe5 1-0

[Event "European Rapid 2016"]
[Site "Tallinn EST"]
[Date "2016.12.16"]
[Round "8.37"]
[White "Miezis, Normunds"]
[Black "Kalinin, Michail Borisovich"]
[Result "1-0"]
[WhiteTitle "GM"]
[WhiteElo "2509"]
[BlackElo "2380"]
[WhiteFideId "11600136"]
[BlackFideId "4144104"]
[EventDate "2016.12.15"]

1. c4 e6 2. e4 a6 3. Nc3 c6 4. d4 d5 5. exd5 cxd5 6. Nf3 Nf6 7. Be2 dxc4 8. Bxc4
b5 9. Bb3 Bb7 10. O-O Be7 11. Re1 O-O 12. Bf4 Nd5 13. Bg3 Bb4 14. Rc1 Nd7 15.
Ne5 Nxe5 16. Bxe5 Qg5 17. Ne4 Qg6 18. Re2 f6 19. Bg3 f5 20. Nc5 Bxc5 21. dxc5
Bc6 22. f3 f4 23. Bf2 Ne3 24. Bxe3 Bxf3 25. Bxf4 Rxf4 26. Qd2 Qg5 27. Rxe6 Kh8
28. g3 Raf8 29. Qxf4 1-0

[Event "European Rapid 2016"]
[Site "Tallinn EST"]
[Date "2016.12.16"]
[Round "8.38"]
[White "Shvayger, Yuliya"]
[Black "Marin, Mihail"]
[Result "0-1"]
[WhiteTitle "WIM"]
[BlackTitle "GM"]
[WhiteElo "2419"]
[BlackElo "2539"]
[WhiteFideId "14100126"]
[BlackFideId "1200020"]
[EventDate "2016.12.15"]

1. e4 d6 2. d4 Nf6 3. Nc3 g6 4. g3 Bg7 5. Bg2 O-O 6. Nge2 e5 7. h3 c6 8. O-O b5
9. a3 Bb7 10. Be3 Nbd7 11. g4 h5 12. Ng3 hxg4 13. hxg4 Re8 14. d5 a6 15. dxc6
Bxc6 16. g5 Nh7 17. Qxd6 Rc8 18. Qd2 Bf8 19. Nd5 Bc5 20. Nb4 Bxe3 21. Qxe3 a5
22. Nxc6 Rxc6 23. Rad1 Qc7 24. c3 Nb6 25. Bh3 Qe7 26. Kg2 Nxg5 27. Rh1 Nc4 28.
Qe2 Rd8 29. Rd5 Rxd5 30. exd5 Rc5 31. b3 Nb6 32. f4 Nxd5 0-1

[Event "European Rapid 2016"]
[Site "Tallinn EST"]
[Date "2016.12.16"]
[Round "8.39"]
[White "Martinovic, Sasa"]
[Black "Reprintsev, Alexander"]
[Result "1-0"]
[WhiteTitle "GM"]
[BlackTitle "IM"]
[WhiteElo "2550"]
[BlackElo "2321"]
[WhiteFideId "14509792"]
[BlackFideId "14100541"]
[EventDate "2016.12.15"]

1. d4 d5 2. Nc3 e6 3. Bf4 Nf6 4. Nb5 Na6 5. e3 Bd7 6. Nf3 Be7 7. h3 O-O 8. Be2
Ne4 9. O-O c6 10. Nc3 Nxc3 11. bxc3 Qa5 12. c4 Rfc8 13. Qb1 b6 14. Qb3 dxc4 15.
Qxc4 b5 16. Qd3 Nb4 17. Qd2 Qa4 18. c3 Nd5 19. Bg3 Qa5 20. Rac1 c5 21. e4 Nf6
22. Bd3 cxd4 23. cxd4 Qxd2 24. Nxd2 Ba3 25. Rb1 a6 26. Nb3 Rc3 27. Rfd1 Rac8 28.
f3 Be8 29. Be1 R3c6 30. g4 Nd7 31. d5 exd5 32. exd5 Rf6 33. Kg2 Ne5 34. Bf5 Bd7
35. Bxd7 Nxd7 36. Nd4 Ne5 37. Bh4 Rb6 38. Bf2 Rd6 39. Rb3 Nc4 40. Nf5 Rd7 41.
Re1 Bf8 42. Rd3 g6 43. Ne3 Ne5 44. Rdd1 Rc3 45. Re2 Bh6 46. Nf5 Bf4 47. Bd4 Rc4
48. Bxe5 gxf5 49. Bf6 Kf8 50. gxf5 Rc5 51. Re4 Rc2+ 52. Kh1 Bd6 53. Rde1 Rc8 54.
Rh4 Be7 55. Bxe7+ Rxe7 56. Rd1 f6 57. d6 Rd7 58. Rd2 Rc5 59. Rf4 Ke8 60. Kg2
Rg7+ 61. Rg4 Rf7 62. Rg8+ Kd7 63. Ra8 Rg7+ 64. Kf2 Rg5 65. Ra7+ Kd8 66. d7 1-0

[Event "European Rapid 2016"]
[Site "Tallinn EST"]
[Date "2016.12.16"]
[Round "9.1"]
[White "Onischuk, Vladimir"]
[Black "Shirov, Alexei"]
[Result "1-0"]
[WhiteTitle "GM"]
[BlackTitle "GM"]
[WhiteElo "2601"]
[BlackElo "2673"]
[WhiteFideId "14114038"]
[BlackFideId "2209390"]
[EventDate "2016.12.15"]

1. e4 e5 2. Nf3 Nc6 3. Bb5 a6 4. Ba4 Nf6 5. O-O b5 6. Bb3 Bc5 7. Nc3 d6 8. Nd5
Nxe4 9. Qe2 Nf6 10. Nxf6+ gxf6 11. Bd5 Bd7 12. d4 Nxd4 13. Nxd4 Bxd4 14. Qh5 Rf8
15. Bh6 c6 16. Bxf8 cxd5 17. Bxd6 Bxb2 18. Rab1 Bd4 19. Qxh7 Be6 20. Bb4 Kd7 21.
c3 Bb6 22. a4 Qh8 23. Qxh8 Rxh8 24. axb5 axb5 25. Ra1 Kc6 26. Be7 Rg8 27. Rfe1
Bh3 28. g3 Rg5 29. Ra6 Kb7 30. Rxb6+ Kxb6 31. Bxf6 Rg4 32. f3 Rc4 33. Bxe5 b4
34. Rb1 Ka5 35. cxb4+ Kb5 36. Kf2 Rc2+ 37. Ke3 Rxh2 38. g4 Ra2 39. Kf4 Re2 40.
Bg7 f5 41. g5 Rf2 42. Bd4 Rd2 43. Bf6 d4 44. Kg3 Bg2 45. g6 f4+ 46. Kxf4 Bh3 47.
g7 Be6 48. Re1 Ba2 49. Re8 Rg2 50. Bxd4 Bd5 51. Bf6 Kxb4 52. Bg5 1-0

[Event "European Rapid 2016"]
[Site "Tallinn EST"]
[Date "2016.12.16"]
[Round "9.2"]
[White "Mamedov, Rauf"]
[Black "Wojtaszek, Radoslaw"]
[Result "1-0"]
[WhiteTitle "GM"]
[BlackTitle "GM"]
[WhiteElo "2688"]
[BlackElo "2749"]
[WhiteFideId "13401653"]
[BlackFideId "1118358"]
[EventDate "2016.12.15"]

1. e4 c5 2. Nc3 d6 3. Nf3 Nf6 4. e5 dxe5 5. Nxe5 a6 6. a4 Qc7 7. Nc4 Nc6 8. d3
Nd4 9. Ne2 Nxe2 10. Bxe2 Bf5 11. Bf3 Rd8 12. Bd2 b6 13. Qe2 e6 14. Bc3 Nd7 15.
O-O h5 16. h3 h4 17. Rfe1 Bd6 18. Bg4 Bxg4 19. Qxg4 Bf8 20. Rxe6+ fxe6 21. Qxe6+
Be7 22. Qg6+ 1-0

[Event "European Rapid 2016"]
[Site "Tallinn EST"]
[Date "2016.12.16"]
[Round "9.3"]
[White "Matlakov, Maxim"]
[Black "Anton Guijarro, David"]
[Result "1-0"]
[WhiteTitle "GM"]
[BlackTitle "GM"]
[WhiteElo "2694"]
[BlackElo "2650"]
[WhiteFideId "4168003"]
[BlackFideId "2285525"]
[EventDate "2016.12.15"]

1. d4 Nf6 2. c4 e6 3. Nc3 Bb4 4. e3 O-O 5. Nf3 d5 6. Bd2 b6 7. Rc1 Bb7 8. cxd5
exd5 9. Be2 a6 10. O-O Bd6 11. Ne5 c5 12. Be1 b5 13. f4 cxd4 14. exd4 Nbd7 15.
Bh4 Be7 16. Bd3 Re8 17. a4 b4 18. Ne2 Nf8 19. Ng3 Ne4 20. Nxe4 dxe4 21. Bc4 Ne6
22. Nxf7 Kxf7 23. Qh5+ Kg8 24. Bxe6+ Kh8 25. Bf5 h6 26. Qg6 Kg8 27. Qh7+ Kf8 28.
Bg6 Qxd4+ 29. Bf2 Qd5 30. Rfd1 Qg8 31. Qxg8+ Kxg8 32. Bxe8 Rxe8 33. Rd7 e3 34.
Rxb7 exf2+ 35. Kxf2 a5 36. Re1 Bc5+ 37. Kf1 Rf8 38. g3 g5 39. Re4 Rd8 40. fxg5
hxg5 41. Re5 1-0

[Event "European Rapid 2016"]
[Site "Tallinn EST"]
[Date "2016.12.16"]
[Round "9.5"]
[White "Ponkratov, Pavel"]
[Black "Kovalenko, Igor"]
[Result "1-0"]
[WhiteTitle "GM"]
[BlackTitle "GM"]
[WhiteElo "2607"]
[BlackElo "2684"]
[WhiteFideId "4157800"]
[BlackFideId "14117908"]
[EventDate "2016.12.15"]

1. e4 e6 2. d4 d5 3. exd5 exd5 4. Nf3 Bd6 5. c4 dxc4 6. Bxc4 Nf6 7. Qe2+ Qe7 8.
Qxe7+ Kxe7 9. O-O Be6 10. Re1 Kd7 11. b3 Nc6 12. Ne5+ Bxe5 13. dxe5 Nd5 14. Rd1
Ne7 15. Nc3 c6 16. Ba3 Rhd8 17. Ne4 Nf5 18. h3 h5 19. Bc1 Kc7 20. Bg5 Rh8 21.
Rac1 Nb6 22. Be2 Rae8 23. g4 hxg4 24. hxg4 Nh4 25. f4 Bd5 26. Nd6 Ref8 27. Be7
Rfg8 28. Nc4 Nc8 29. Ba3 Ng6 30. Ne3 Rh1+ 31. Kf2 Rxd1 32. Bxd1 Nxf4 33. Kg3 g5
34. Nxd5+ Nxd5 35. Bf3 Kd7 36. Be4 Nce7 37. Rf1 Ke6 38. Bb2 Rh8 39. Bf5+ Nxf5+
40. gxf5+ Ke7 41. Bc1 Rh5 42. Kg4 Rh2 43. Bxg5+ Kd7 44. Re1 Rxa2 45. e6+ Ke8 46.
Kf3 Rh2 47. Ke4 Rh5 48. Rg1 Rh2 49. Kf3 Rh3+ 50. Ke4 Rh2 51. Kf3 Rh3+ 52. Ke4 f6
53. Bd2 Kf8 54. Rg6 Rh4+ 55. Kf3 Rh3+ 56. Ke4 Rh4+ 57. Kf3 Rh3+ 58. Ke4 Rxb3 59.
Bh6+ Ke7 60. Rg7+ Ke8 61. Rg8+ Ke7 62. Bf8+ 1-0

[Event "European Rapid 2016"]
[Site "Tallinn EST"]
[Date "2016.12.16"]
[Round "9.7"]
[White "Najer, Evgeniy"]
[Black "Bartel, Mateusz"]
[Result "1-0"]
[WhiteTitle "GM"]
[BlackTitle "GM"]
[WhiteElo "2679"]
[BlackElo "2641"]
[WhiteFideId "4118987"]
[BlackFideId "1112635"]
[EventDate "2016.12.15"]

1. e4 e6 2. d4 d5 3. Nc3 Bb4 4. e5 c5 5. a3 Bxc3+ 6. bxc3 Qa5 7. Bd2 Qa4 8. Qg4
Kf8 9. Qd1 b6 10. dxc5 bxc5 11. c4 Ba6 12. cxd5 exd5 13. Bxa6 Qxa6 14. Ne2 Nc6
15. O-O Nge7 16. e6 fxe6 17. Nf4 Qc8 18. Re1 e5 19. Nd3 Qf5 20. Qe2 e4 21. Nxc5
Kg8 22. c4 Nd4 23. Qd1 Qg6 24. Kh1 Qc6 25. Bb4 Nef5 26. cxd5 Qxd5 27. Nxe4 a5
28. Bc3 Rd8 29. Qg4 h5 30. Qg6 Qf7 31. Qb6 Qd5 32. Rad1 Rh6 33. Qxa5 Qxa5 34.
Bxa5 Ra8 35. Bb4 Re6 36. Ng5 Rxe1+ 37. Rxe1 Nc2 38. Rc1 g6 1-0

[Event "European Rapid 2016"]
[Site "Tallinn EST"]
[Date "2016.12.16"]
[Round "9.8"]
[White "Potkin, Vladimir"]
[Black "Alekseev, Evgeny"]
[Result "1/2-1/2"]
[WhiteTitle "GM"]
[BlackTitle "GM"]
[WhiteElo "2597"]
[BlackElo "2632"]
[WhiteFideId "4131061"]
[BlackFideId "4138147"]
[EventDate "2016.12.15"]

1. c4 e6 2. Nc3 d5 3. d4 Bb4 4. e3 c5 5. a3 Bxc3+ 6. bxc3 Nf6 7. cxd5 exd5 8.
Bd3 O-O 9. Ne2 b6 10. O-O Ba6 11. f3 Bxd3 12. Qxd3 Nbd7 13. Ng3 Re8 14. Bb2 Rc8
15. Rae1 Qc7 16. Rf2 cxd4 17. cxd4 Qc4 18. Qd1 Qc6 19. Rfe2 h5 20. e4 g6 21. e5
Nh7 22. f4 f5 23. exf6 Nhxf6 24. f5 h4 25. Nf1 Rxe2 26. Rxe2 gxf5 27. Ne3 Qe6
28. Qf1 Re8 29. Re1 Qe4 30. Bc3 h3 1/2-1/2